000 02178nam0a2200385 4500
001 RU\NLR\bibl\892869
005 20260406121055.0
021 _aRU
_b2005-67820
_93341
035 _a(NLR Aleph) 000881357
090 _a1660961
_c1660961
100 _a20051223d2005 |||y0rusy50 ca
101 0 _arus
_deng
102 _aRU
105 _aa |||||||||
200 1 _aОценка законов и эффективности их принятия
_dEvaluation of legislation and efficiency of the legislative procedure
_e[материалы международного семинара, 16-17 декабря, 2002 года, г. Рязань
_fсост. и отв. ред. Н.В. Ильина]
_zeng
205 _aИзд. 2-е, перераб. и доп.
210 _aМосква
_cиздание Государственной Думы
_d2005
215 _a166, [1] с.
_cил.
_d24
300 _aВ надзаг.: Совет Европы, Гос. Дума Федер. Собрания Рос. Федерации, Рязан. обл. Дума
300 _aРез. на англ. яз.
320 _aБиблиогр. в подстроч. прим.
510 0 _aEvaluation of legislation and efficiency of the legislative procedure
_zeng
606 1 _aЗакон юридический
_jСъезды, совещания и т.п.
_xТеория
_92078823
_3RU\NLR\auth\661254688
606 1 _aЗаконодательство
_jСъезды, совещания и т.п.
_xПравовые проблемы
_xСубъекты
_yРоссийская Федерация
_92248621
_3RU\NLR\auth\661348914
686 _aХ62я431
686 _aХ062.031я431
702 1 _aИльина
_bН. В.
_gНаталья Владимировна
_4220
712 0 2 _4570
_aСовет Европы
_3RU\NLR\AUTH\8813605
_9300242
801 0 _aRU
_bNLR
_c20051223
_grcr
801 1 _aRU
_bNLR
_c20051223
830 _aсост. по кн.
942 _cBOOK
980 _aNB